American EPL Goalscorers Quiz Stats

 Plays Quiz Updated May 23, 2018

Challenge
Share
Tweet
Embed
Score 0/21 Timer 06:00
0 Plays Today
Player % Correct
Clint Dempsey
94.5%
Landon Donovan
73.8%
Tim Howard
62.2%
Brian McBride
52.7%
Jozy Altidore
52.5%
Brad Friedel
37.7%
DeAndre Yedlin
36.8%
Cobi Jones
33.2%
Geoff Cameron
23.8%
Claudio Reyna
23.1%
Carlos Bocanegra
22.2%
Player % Correct
DaMarcus Beasley
20.6%
Stuart Holden
13.6%
Jonathan Spector
13.4%
John Harkes
13%
Joe-Max Moore
11.9%
Jay DeMerit
9.8%
Roy Wegerle
8.9%
Eric Lichaj
5.6%
Preki
4.7%
Jovan Kirovski
3.1%

You're not logged in!

Compare scores with friends on all Sporcle quizzes.
OR
Log In

You Might Also Like...

Show Comments

Extras

Top Quizzes Today


Score Distribution

Your Account Isn't Verified!

In order to create a playlist on Sporcle, you need to verify the email address you used during registration. Go to your Sporcle Settings to finish the process.

Report this User

Report this user for behavior that violates our Community Guidelines.

Details: